[Event "Crema op 16th"]
[Site "Crema"]
[Date "2015.09.05"]
[Round "4"]
[White "Takahashi, Saera"]
[Black "Romito, Donato"]
[Result "0-1"]
[WhiteElo "1545"]
[BlackElo "1691"]
[PlyCount "54"]
[EventDate "2015.09.04"]
[EventType "swiss"]
[EventRounds "6"]
[EventCountry "ITA"]
[SourceTitle "EXT 2024"]
[Source "ChessBase"]
[SourceDate "2023.10.10"]
[SourceVersion "1"]
[SourceVersionDate "2023.10.10"]
[SourceQuality "1"]

1. Nf3 Nc6 2. g3 d6 3. Bg2 e5 4. e4 Nf6 5. d3 g6 6. 0-0 Bg7 7. Re1 0-0 8. c3 Bg4 9. h3 Bd7 10. Nbd2 Qc8 11. h4 Bh3 12. Nf1 Bxg2 13. Kxg2 Nh5 14. N1h2 f5 15. exf5 Rxf5 16. Kg1 Rf8 17. Rb1 Kh8 18. a3 Qh3 19. Qe2 h6 20. Be3 Ne7 21. Kh1 Nf5 22. Qc2 Nfxg3+ 23. fxg3 Rxf3 24. Bf2 Raf8 25. Re2 Nxg3+ 26. Bxg3 Rf1+ 27. Rxf1 Rxf1# 0-1

[Event "Crema op 15th"]
[Site "Crema"]
[Date "2013.09.01"]
[Round "6"]
[White "Marzatico, Luca"]
[Black "Takahashi, Saera"]
[Result "1-0"]
[WhiteElo "1713"]
[BlackElo "1516"]
[PlyCount "99"]
[EventDate "2013.08.30"]
[EventType "swiss"]
[EventRounds "6"]
[EventCountry "ITA"]
[SourceTitle "EXT 2015"]
[Source "ChessBase"]
[SourceDate "2014.11.20"]
[SourceVersion "1"]
[SourceVersionDate "2014.11.20"]
[SourceQuality "1"]

1. e4 c5 2. b4 d6 3. Nf3 Nd7 4. Bb5 e6 5. bxc5 dxc5 6. 0-0 a6 7. Be2 Bd6 8. Bb2 e5 9. Nc3 Ngf6 10. d3 0-0 11. Bc1 Re8 12. Bg5 b5 13. Nd5 Bb7 14. Ne3 h6 15. Bh4 Be7 16. Nf5 Bf8 17. Qd2 Qb6 18. Rab1 c4 19. Kh1 Rac8 20. Rg1 Ng4 21. h3 Nxf2+ 22. Bxf2 Qxf2 23. Rbf1 Qb6 24. g4 cxd3 25. cxd3 f6 26. h4 Rc6 27. a3 Rec8 28. Qa2+ Kh8 29. Bd1 Rc3 30. h5 Rxd3 31. Qf7 Nc5 32. Bc2 Rd7 33. Qg6 Bxe4 34. Bxe4 Nxe4 35. Nxe5 Qb7 36. Nf3 Ng5 37. N5h4 Rd2 38. Qf5 Nh3 39. Ng2 Nf2+ 40. Kh2 Bd6+ 41. Nf4 Nxg4+ 42. Kh3 Nf2+ 43. Rxf2 Rxf2 44. Ng6+ Kh7 45. Ne7+ Kh8 46. Ng6+ Kh7 47. Ngh4+ Kh8 48. Ng6+ Kh7 49. Nf8+ Kh8 50. Qh7# 1-0

[Event "Crema op 15th"]
[Site "Crema"]
[Date "2013.08.30"]
[Round "1"]
[White "Takahashi, Saera"]
[Black "Righini, Giovanni"]
[Result "0-1"]
[WhiteElo "1516"]
[BlackElo "1868"]
[PlyCount "80"]
[EventDate "2013.08.30"]
[EventType "swiss"]
[EventRounds "6"]
[EventCountry "ITA"]
[SourceTitle "EXT 2015"]
[Source "ChessBase"]
[SourceDate "2014.11.20"]
[SourceVersion "1"]
[SourceVersionDate "2014.11.20"]
[SourceQuality "1"]

1. Nf3 Nf6 2. g3 b6 3. Bg2 Bb7 4. 0-0 e6 5. d3 d5 6. Nbd2 Be7 7. Re1 0-0 8. h4 Nbd7 9. c3 c5 10. d4 Qc7 11. Nf1 Bd6 12. N3h2 Rac8 13. Qd3 cxd4 14. cxd4 Qc4 15. Qa3 Bxa3 16. e3 Bd6 17. Nd2 Qd3 18. Bf1 Qf5 19. Ndf3 Bb4 20. Rd1 h5 21. Bd3 Ne4 22. Rf1 Ndf6 23. Bd2 Bd6 24. Ng5 Ng4 25. f3 Nxh2 26. fxe4 Nxf1 27. Rxf1 Qg4 28. e5 Qxg3+ 29. Kh1 Qxh4+ 30. Kg1 Qxg5+ 31. Kh2 Qh4+ 32. Kg2 Be7 33. Rf4 Qg5+ 34. Kh3 Qg1 35. Rf1 Qg4+ 36. Kh2 Bh4 37. Rg1 Qf3 38. Rg2 Bf2 39. a3 Bxe3 40. Be2 Qf4+ 0-1